000 00863nam a2200253Ia 4500
003 OSt
005 20220923223103.0
006 a|||||r|||| 00| 0
007 ta
008 220922b |||||||| |||| 00| 0 hin d
024 _a210,979
037 _cTextual
040 _aARTS
_cARTS
_bhin
041 _2hin
_ahin
082 _aO152,3x, M8
100 _aपुष्प, राबिन शा
245 0 _aबिहार के गांव - कस्बे की कहानियां
246 _aBihār ke gāanva - kasbe kī kahāniyāan
260 _aनई दिल्ली
_b किताबघर प्रका0
_c1988
300 _a240पृ.
_ccm.
650 _aहिन्दी साहित्य
_9156264
942 _hO152,3x, M8
_cTEXL
_2CC
999 _c361258
_d361258